header

Public service employment relations in Europe (Record no. 29998)

MARC details
000 -LEADER
fixed length control field 01896nam a22003974a 4500
082 04 - DEWEY DECIMAL CLASSIFICATION NUMBER
Classification number 331/.0413514
245 00 - TITLE STATEMENT
Title Public service employment relations in Europe
260 ## - PUBLICATION, DISTRIBUTION, ETC. (IMPRINT)
Place of publication London ;
-- New York :
Name of publisher Routledge,
Year of publication 1999.
300 ## - PHYSICAL DESCRIPTION
Number of Pages xi, 244 p.
490 1# - SERIES STATEMENT
Series statement Routledge studies in employment relations
650 #0 - SUBJECT ADDED ENTRY--TOPICAL TERM
Topical Term Employee-management relations in government
Topical Term Collective bargaining
Topical Term Government employee unions
Topical Term Civil service
Topical Term Government efficiency
Topical Term Decentralization in government
Topical Term Industrial relations
700 1# - ADDED ENTRY--PERSONAL NAME
Personal name Bach, Stephen,
856 40 - ELECTRONIC LOCATION AND ACCESS
Uniform Resource Identifier http://site.ebrary.com/lib/rucke/Doc?id=10017535

No items available.

© 2026 Rongo University
Contact us: librarian | system librarian | Rongo university